Stranger things (moyen) - Statistiques

Statistiques générales
  • Ce quiz a été pris 2 138 fois
  • Le résultat moyen est 10 sur 15
Statistiques - réponses
Question Réponse % Correct
Dans la saison 1,quelle particularité physique de Will, Joyce demande-t-elle à voir pour vérifier si le corps retrouvé est bien celui de son fils ? Il a une tâche de naissance sur son bras
90%
Comment s'appelle la maitre nageuse que Billy capture afin de la donner au monstre ? Heather
89%
Comment s'appelle le maire de Hawkins ? Larry Kline
85%
Comment 11 qualifie-t-elle son nouveau look dans la saison 2 ? Il est mortel
84%
Comment s'appelle le restaurateur qui recueille 11 au début de la saison 1 ? Benny
80%
Où travaillent Nancy et Jonathan dans la saison 3 ? Au Hawkins Post
79%
A quelle particularité physique, Dart, le démochien de Dustin était-il reconnaissable ? Il a une tâche jaune sur le derrière
74%
La saison 3 est sortie le même jour où les évènements ont lieu dans la série, quel jour était-ce ? Le 4 juillet
69%
Lorsque 11 se retrouve bloquée dans ses visions après avoir exploré l'esprit de Billy, quel est l'un des premières choses que Billy lui dit ? "Il ne peut pas t'entendre, tu n'aurais jamais du essayer de me retrouver, parce que maintenant je te vois, on peut tous te voir"
63%
A qui est souvent comparé le soldat russe qui poursuit Hopper et Joyce ? Arnold Schwarzenegger
61%
Où vit Suzie, la petite amie de Dustin ? Dans l'Utah
60%
Quelle est la toute première scène de la saison 1 ? Un scientifique tente de fuir le laboratoire
60%
Dans la scène post générique du dernier épisode de la saison 3, on y voit une base russe qui y fait de mystérieux travaux. Dans quelle province russe se situe-t-elle ? Dans le Kamtchatka
53%
Quelle saison comporte plus d'épisode que les deux autres ? La saison 2
44%
Dans quelle ville 11 se rend-elle pour retrouver sa soeur ? Chicago
35%
Aucun quiz correspondant
Distribution des résultats
% des personnes avec chaque résultat
Percentile par nombre de réponses
Votre historique - résultats
Vous n’avez pas pris ce quiz